[Event "South America-ch 1st"]
[Site "Lima"]
[Date "2023.09.15"]
[Round "2"]
[White "Alcazar Blanco, Diego"]
[Black "Julcarima Quispe, Edder Rolando"]
[Result "1-0"]
[WhiteElo "1495"]
[BlackElo "1123"]
[PlyCount "125"]
[EventDate "2023.09.14"]
[EventType "swiss"]
[EventRounds "9"]
[EventCountry "PER"]
[SourceTitle "EXT 2024"]
[Source "ChessBase"]
[SourceDate "2023.10.10"]
[SourceVersion "1"]
[SourceVersionDate "2023.10.10"]
[SourceQuality "1"]

1. d4 d5 2. c4 c6 3. Nc3 Nf6 4. Bg5 Nbd7 5. Nf3 h6 6. Bh4 g5 7. Bg3 Nh5 8. cxd5 Nxg3 9. hxg3 cxd5 10. Nxg5 e6 11. Nf3 Bb4 12. e3 Qa5 13. Qd2 Nf6 14. Bd3 Bd7 15. a3 Be7 16. Ne5 a6 17. Ne2 Qxd2+ 18. Kxd2 Rc8 19. Rac1 Bd6 20. f3 Ke7 21. Rxc8 Bxc8 22. g4 Nd7 23. Nxd7 Bxd7 24. g5 h5 25. f4 f6 26. gxf6+ Kxf6 27. g4 h4 28. Ng1 Be8 29. Nf3 h3 30. Ng1 h2 31. Nf3 Bg6 32. Rxh2 Rxh2+ 33. Nxh2 b5 34. Bxg6 Kxg6 35. Nf3 b4 36. Ne5+ Kg7 37. a4 Kf6 38. a5 Bc7 39. Nc6 Kg6 40. Kd3 Bd6 41. Kc2 Kf6 42. Kb3 Kg6 43. Nxb4 Bxb4 44. Kxb4 Kf6 45. Kc5 Ke7 46. Kb6 Kd7 47. Kxa6 Kc6 48. b4 Kc7 49. b5 Kb8 50. Kb6 Kc8 51. Ka7 Kc7 52. b6+ Kc8 53. b7+ Kd7 54. b8Q Ke7 55. Qe5 Kf7 56. Kb7 Ke7 57. Kc7 Kf7 58. f5 exf5 59. gxf5 Kf8 60. Kd7 Kg8 61. Qe7 Kh8 62. f6 Kg8 63. Qg7# 1-0

[Event "South America-ch 1st"]
[Site "Lima"]
[Date "2023.09.14"]
[Round "1"]
[White "Julcarima Quispe, Edder Rolando"]
[Black "Riojas Rebata, Oswaldo Andre"]
[Result "1/2-1/2"]
[WhiteElo "1123"]
[BlackElo "1438"]
[PlyCount "62"]
[EventDate "2023.09.14"]
[EventType "swiss"]
[EventRounds "9"]
[EventCountry "PER"]
[SourceTitle "EXT 2024"]
[Source "ChessBase"]
[SourceDate "2023.10.10"]
[SourceVersion "1"]
[SourceVersionDate "2023.10.10"]
[SourceQuality "1"]

1. e4 e5 2. Nf3 Nc6 3. Nc3 Bc5 4. Bc4 d6 5. d3 Nf6 6. Bg5 h6 7. Be3 Nd4 8. Bxd4 exd4 9. Nd5 c6 10. Nxf6+ Qxf6 11. a3 Bg4 12. h3 Be6 13. b4 Bb6 14. a4 Bxc4 15. dxc4 a5 16. b5 0-0 17. 0-0 Rfe8 18. Re1 Re7 19. Qd3 Rae8 20. Re2 Qf4 21. Rae1 Qf6 22. g3 cxb5 23. cxb5 Rc8 24. e5 dxe5 25. Nxe5 Rc3 26. Nd7 Qd6 27. Rxe7 Rxd3 28. Re8+ Kh7 29. Nf8+ Kg8 30. Nd7+ Kh7 31. Nf8+ Kg8 1/2-1/2